00387nam a22001457a 4500003000500000038001100005082001900016100001900035245004000054260003600094300001300130500001600143880003100159880005100190NUST aArshad a891.49101bSHA aMalik, Shehbaz aPunjabi Adab Jaizy /cShehbaz Malik aLahore :bTaj Book depu,c1989. a208 p. ; aPapercover. 6100-01\raشہبازملک 6245-02\ra پنجابی ادب جاۂزے /